<?xml version="1.0" encoding="UTF-8"?>
<record
    xmlns:xsi="http://www.w3.org/2001/XMLSchema-instance"
    xsi:schemaLocation="http://www.loc.gov/MARC21/slim http://www.loc.gov/standards/marcxml/schema/MARC21slim.xsd"
    xmlns="http://www.loc.gov/MARC21/slim">

  <leader>00575cam a22002171  4500</leader>
  <controlfield tag="001">sa 65007356 </controlfield>
  <controlfield tag="003">DLC</controlfield>
  <controlfield tag="005">20260227112148.0</controlfield>
  <controlfield tag="008">881028s1961    xx            000 0 maro </controlfield>
  <datafield tag="010" ind1=" " ind2=" ">
    <subfield code="a">sa 65007356 </subfield>
  </datafield>
  <datafield tag="035" ind1=" " ind2=" ">
    <subfield code="a">(OCoLC)23571461</subfield>
  </datafield>
  <datafield tag="040" ind1=" " ind2=" ">
    <subfield code="a">DLC</subfield>
    <subfield code="c">MiU</subfield>
    <subfield code="d">DLC</subfield>
  </datafield>
  <datafield tag="042" ind1=" " ind2=" ">
    <subfield code="a">premarc</subfield>
  </datafield>
  <datafield tag="050" ind1="0" ind2="0">
    <subfield code="a">PK1718.T24</subfield>
    <subfield code="b">Z685</subfield>
  </datafield>
  <datafield tag="100" ind1="1" ind2=" ">
    <subfield code="a">Joshi, Shripad,</subfield>
    <subfield code="d">1920-</subfield>
    <subfield code="e">ed.</subfield>
  </datafield>
  <datafield tag="245" ind1="0" ind2="0">
    <subfield code="a">Rav&#x12B;ndran&#x101;tha &#x101;&#x1E47;i Mah&#x101;r&#x101;sh&#x1E6D;ra.</subfield>
  </datafield>
  <datafield tag="260" ind1=" " ind2=" ">
    <subfield code="c">[1961]</subfield>
  </datafield>
  <datafield tag="300" ind1=" " ind2=" ">
    <subfield code="a">6, 176, 2 p.</subfield>
    <subfield code="b">group port.</subfield>
    <subfield code="c">22 cm.</subfield>
  </datafield>
  <datafield tag="500" ind1=" " ind2=" ">
    <subfield code="a">Romanized.</subfield>
  </datafield>
  <datafield tag="600" ind1="1" ind2="0">
    <subfield code="a">Tagore, Rabindranath,</subfield>
    <subfield code="d">1861-1941</subfield>
  </datafield>
  <datafield tag="999" ind1=" " ind2=" ">
    <subfield code="c">65154</subfield>
    <subfield code="d">65154</subfield>
  </datafield>
</record>
